01883nam a2200457 i 450000100060000000300080000600500170001400600190003100700150005000800410006502000180010602000280012403500220015204000310017405000210020508000170022608200150024310000220025824501990028026400850047930000410056433600290060533700330063433800430066749000590071050400290076958800830079859001620088165000220104365000270106565000230109265000260111565000310114165000250117265500270119770000430122479700180126783000600128585600630134599900170140856850FINmELB20241216232859.0m o u cr cn|||||||||220525s2018 mx ob 000 0 spa d z9786074846966 a9786075390703q(e-book) a(OCoLC)1332520731 aFINmELBbspaerdacFINmELB14aRJ131bM251 2018 a612.65-053.204a618.922231 aMalina, Robert M.10aEstatus de crecimiento en niños escolares del estado de Oaxaca :bresultados de encuestas realizadas en 18 comunidades en la década de 1970 /cRobert M. Malina, María Eugenia Peña Reyes. 1aMéxico, D.F. :bInstituto Nacional de Antropología e Historia - INAH,c2018. a1 recurso en línea (235 páginas) atextobtxt2rdamedia/spa acomputadorabc2rdamedia/spa arecurso en líneabcr2rdacarrier/spa1 aColección Antropología Física. Serie Testimonios aContiene bibliografía. aDescripción basada en metadatos suministrados por el editor y otras fuentes. aRecurso electrónico. Santa Fe, Arg.: elibro, 2021. Disponible vía World Wide Web. El acceso puede estar limitado para las bibliotecas afiliadas a elibro. 0aChildrenxGrowth. 0aAnthropometryzMexico. 0aChild development. 4aNiñosxCrecimiento. 4aAntropometríazMéxico. 4aDesarrollo infantil. 4aLibros electrónicos.1 aPeña Reyes, María Eugenia,eautor.2 aelibro, Corp. 0aColección Antropología Física. Serie Testimonios.40uhttps://elibro.net/ereader/politecnicointernacional/196016 c56850d56850